| 000 | 00530nam a2200157 i 4500 | ||
|---|---|---|---|
| 001 | 30211 | ||
| 003 | ES-MaACL | ||
| 007 | t| | ||
| 008 | 030124s1975 sp ||||1| por d | ||
| 100 | 1 |
_aBarral Andrade, Ramón. _925840 |
|
| 245 | 1 | 2 |
_aO aforro e a inversión na Galicia _b: (aprosimacion ao estudo da estructura do capitalismo galego) / _cRamón Barral Andrade. |
| 250 | _a2ª ed. | ||
| 260 |
_a[Santiago de Compostela] : _bSept, _c[1975] |
||
| 300 |
_a242 p. : _b5 map. pleg. ; _c21 cm. |
||
| 852 |
_aES-MaACL _jE-7988 _bR.92421 |
||
| 999 |
_c30211 _d30211 |
||